Program výchovno-vzdelávacej činnosti a formy štúdia na učebný rok 1993/1994

Zoznam ponúkaných vzdelávacích aktivít na rok 1993/1994. Prehľad krátkodobých špecializovaných seminárov, kurzov pre pracovníkov kontroly.

Gespeichert in:
Bibliographische Detailangaben
Format: Buchkapitel
Sprache:Slowakisch
Schlagworte:
Tags: Tag hinzufügen
Keine Tags, Fügen Sie das erste Tag hinzu!

MARC

LEADER 00000naa a2200000 4500
001 r015997
005 20221213123653.6
041 0 |a slo 
044 |a SK 
245 1 0 |a Program výchovno-vzdelávacej činnosti a formy štúdia na učebný rok 1993/1994 
520 |a Zoznam ponúkaných vzdelávacích aktivít na rok 1993/1994. Prehľad krátkodobých špecializovaných seminárov, kurzov pre pracovníkov kontroly. 
610 2 0 |a vzdelávanie 
610 2 0 |a správa verejná 
610 2 0 |a programy študijné 
610 2 0 |a správa štátna 
610 2 0 |a kurzy 
610 2 0 |a kontrola